Fingerprint of Jeremiah's scribe (Registro nro. 53642)
[ vista simple ]
| 000 -LÍDER | |
|---|---|
| Campo fijo de descripción fija | 00856aas a2200229 4500 |
| 001 - NÚMERO DE CONTROL | |
| Campo de control | 768714001 |
| 003 - IDENTIFICADOR DEL NÚMERO DE CONTROL | |
| Campo de control | CO-MdFUSB |
| 005 - FECHA Y HORA DE LA ULTIMA TRANSACCIÓN | |
| control field | 20171030094246.0 |
| 008 - ELEMENTOS DE LONGITUD FIJA -- INFORMACIÓN GENERAL | |
| Campo fijo de descripción fija -- Información general | 170727s1996 xxu||||| |||| 00| 0 eng d |
| 022 ## - NÚMERO INTERNACIONAL NORMALIZADO PARA PUBLICACIONES SERIADAS | |
| Número Internacional Normalizado para Publicaciones Seriadas | 0098-9444 |
| 040 ## - FUENTE DE CATALOGACIÓN | |
| Agencia Catalogadora | CO-MdFUSB |
| Idioma de catalogación | spa |
| Agencia que realiza la transcripción | CO-MdFUSB |
| Agencia que realiza la modificación | CO-MdFUSB |
| 041 ## - CÓDIGO DE IDIOMA | |
| Código de idioma para texto/pista de sonido o título separado | spa |
| 100 1# - ASIENTO PRINCIPAL--NOMBRE PERSONAL | |
| Nombre personal | Shanks, Hershel |
| Término relacionador | autor |
| 242 ## - TRADUCCIÓN DEL TÍTULO POR AGENCIA CATALOGADORA | |
| Traducción del título | Huella digital del escriba Jeremías |
| 245 #0 - TÍTULO | |
| Título | Fingerprint of Jeremiah's scribe |
| Mención de responsabilidad | / Hershel Shanks |
| 300 ## - DESCRIPCIÓN FÍSICA | |
| Extensión | Volumen 22. Número 2 (1996), páginas 36-38 |
| Dimensiones | : 28 cm. |
| 520 1# - NOTA DE RESUMEN, ETC. | |
| Nota de sumario, etc. | Cuarenta inscripciones en colecciones personales aumentan extraordinariamente nuestro conocimiento del pasado. |
| 546 ## - NOTA DE IDIOMA | |
| Nota de idioma | Texto en inglés |
| 650 #7 - ASIENTO SECUNDARIO DE MATERIA - TERMINO TEMÁTICO | |
| 9 (RLIN) | 403 |
| Término temático o nombre geográfico como elemento de entrada | Excavaciones arqueológicas |
| 773 0# - ASIENTO DE ITEM FUENTE | |
| Título | Biblical Archaeology Review |
| Biblionumber | 49395 |
| Itemnumber | 59495 |
| Parte(s) relacionada(s) / Volumen., número. (mes año), páginas | Volumen 22. Número 2 (1996), páginas 36-38 |
| Enumeración y primera página | Página 36 |
| 942 ## - TIPO DE MATERIAL (KOHA) | |
| Tipo de Item KOHA | Artículos de Revista |
| Expurgo - (Retirado) | Estado de Perdido | Estado de Dañado | No prestable | Colección | Ubicación habitual | Ubicación actual | Fecha de Adquisición | Signatura Topográfica | Tipo de Material |
|---|---|---|---|---|---|---|---|---|---|
| Colección de Hemeroteca | Biblioteca FUSBC | Biblioteca FUSBC | 26/01/2016 | Artículos de Revista |
